Negocios internacionales: introducción y aspectos esenciales

Gardado en:
Detalles Bibliográficos
Main Authors: Ball, Donald A (Author), McCulloch, Wendell H (Author)
Formato: Libro
Idioma:Lingua castelá
Publicado: Madrid McGraw Hill 1997
Subjects:
Tags: Engadir etiqueta
Sen Etiquetas, Sexa o primeiro en etiquetar este rexistro!

MARC

LEADER 00000nam a2200000 a 4500
001 UCP5559
003 CL-VaPUC
008 990927e19970000SP |||||||||||||||||spa|d
082 0 4 |a 658.18  |b BAL  |2 21 
100 0 |a Ball, Donald A  |e author  |9 434063 
700 0 |a McCulloch, Wendell H  |e author  |9 434064 
245 1 0 |a Negocios internacionales: introducción y aspectos esenciales 
300 |a 903 p 
942 |c BK 
945 |d 19990927 00:00:00  |a rbrito 
260 |a Madrid  |b McGraw Hill  |c 1997 
650 7 |a COMERCIO INTERNACIONAL  |2 CL-VaPUC  |9 434065 
650 0 |a Sistema monetario   |9 371822 
650 0 |a Análisis de mercado   |9 260838 
650 7 |a MERCADOTECNIA  |2 CL-VaPUC  |9 347996 
650 0 |a Administración financiera  |9 261146 
650 0 |a Derecho internacional  |9 255637 
583 |a last modification  |c 20170223 01:58:43  |k Rodrigo Vera 
999 |c 283297  |d 283295 
952 |0 0  |1 0  |4 0  |6 658_180000000000000_BAL_1997  |7 0  |8 A  |9 326256  |a BIBING  |b BIBING  |d 2019-11-20  |i 3560554  |o 658.18 BAL 1997  |p 3560554  |r 2025-01-20  |w 2019-11-20  |y BK  |k TRA